| 000 | 00655nam a2200217 a 4500 | ||
|---|---|---|---|
| 001 | BRCA_3542 | ||
| 005 | 20190320204327.0 | ||
| 008 | 300709s1859----mx-a---###---#000-0#spa-# | ||
| 041 | _aspa | ||
| 044 | _amx | ||
| 050 | 4 |
_aF1386 _b.V35 1859 |
|
| 100 | 1 |
_aValle, Juan N. del _99190 |
|
| 245 | 1 | 0 |
_aEl viajero en México _bo sea la capital de la república encerrada en un libro... _cpor Juan N. del Valle. |
| 260 |
_aMéxico _bTip. de M. Castro _c1859 |
||
| 300 |
_a703 p. _bil., 1 mapa pleglable _c17 cm. |
||
| 500 | _aIncluye índice alfabético | ||
| 500 | _aB209 | ||
| 651 | 4 |
_aMéxico _xDescripción y viajes _9103 |
|
| 902 | _aGFM | ||
| 942 |
_2lcc _cB |
||
| 999 |
_c3277 _d3277 |
||